Statistics for North American Pro Sports Teams that don't end with an "S"

Click here to take the quiz!

General Stats

  • This quiz has been taken 211 times
    (110 since last reset)
  • The average score is 8 of 10

Answer Stats

HintAnswer% Correct
NBAUtah Jazz
88%
NBAMiami Heat
86%
MLBChicago White Sox
82%
MLBBoston Red Sox
81%
NBAOrlando Magic
80%
NHLMinnesota Wild
75%
NHLSeattle Kraken
74%
NBAOklahoma City Thunder
72%
NHLColorado Avalanche
68%
NHLTampa Bay Lightning
64%

Score Distribution

Percentile by Number Answered

Percent of People with Each Score

Your Score History

You have not taken this quiz since the last reset